Гроза в земных недрах (Доклад в г. Кишиневе, материалы для статьи в журнал "Электронная обработка материалов")

Opis bibliograficzny
1. autor: Воробьев А. А. Александр Акимович
Korporacja: Томский политехнический институт (ТПИ)
Język:rosyjski
Wydane: Томск, 1970
Hasła przedmiotowe:
Format: MixedMaterials Książka
KOHA link:https://koha.lib.tpu.ru/cgi-bin/koha/opac-detail.pl?biblionumber=177384

MARC

LEADER 00000nbm0a2200000 4500
001 177384
005 20231031165621.0
035 |a (RuTPU)RU\TPU\book\192297 
090 |a 177384 
100 |a 20100316d1970 k y0rusy50 ca 
101 0 |a rus 
102 |a RU 
105 |a a p 001zy 
200 1 |a Гроза в земных недрах (Доклад в г. Кишиневе, материалы для статьи в журнал "Электронная обработка материалов")  |f А. А. Воробьев 
210 |a Томск  |d 1970 
320 |a Библиогр. в конце текста 
610 1 |a рукописные работы 
610 1 |a доклады 
610 1 |a грозы 
610 1 |a земные недра 
610 1 |a переписка 
610 1 |a институты 
610 1 |a электрические разряды 
610 1 |a горные породы 
675 |a 621.316.98  |v 3 
700 1 |a Воробьев  |b А. А.  |c российский физик  |c ректор Томского политехнического института, профессор  |f 1909-1981  |g Александр Акимович  |2 stltpush  |3 (RuTPU)RU\TPU\pers\12805 
712 0 2 |a Томский политехнический институт (ТПИ)  |c (1944-1991)  |2 stltpush  |3 (RuTPU)RU\TPU\col\1123 
801 1 |a RU  |b 63413507  |c 20100316 
942 |c BK